Sistemas de enfriamiento de bajo costo con Arduinos para diodos láser
Gespeichert in:
| 1. Verfasser: | |
|---|---|
| Format: | Buch |
| Veröffentlicht: |
[San José, Costa Rica]
2010
|
| Schlagworte: | |
| Tags: |
Tag hinzufügen
Keine Tags, Fügen Sie den ersten Tag hinzu!
|
MARC
| LEADER | 00000nam a2200000Ia 4500 | ||
|---|---|---|---|
| 003 | 010459 | ||
| 005 | 20221231144029.0 | ||
| 008 | 140114s2010 cr a 000 ||s d | ||
| 040 | |c cru CEDI | ||
| 090 | |a TFG 6342 | ||
| 100 | |a Garita Gonzalez, Fabian |9 2632 | ||
| 245 | |a Sistemas de enfriamiento de bajo costo con Arduinos para diodos láser | ||
| 260 | |c 2010 |b [San José, Costa Rica] | ||
| 500 | |a "IE - 0502 Proyecto Eléctrico" Proyecto de graduación (bachillerato en ingeniería eléctrica)--Universidad de Costa Rica. Facultad de Ingeniería. Escuela de Ingeniería Eléctrica | ||
| 650 | |x SISTEMA DE ENFRIAMIENTO |x REFRIGERACION |x DIODOS |x RAYOS LASERS |9 2633 | ||
| 942 | |c TFG | ||
| 999 | |c 15863 |d 15863 | ||
